| 000 | 00536nam a2200181Ia 4500 | ||
|---|---|---|---|
| 008 | 240925s9999 xx 000 0 und d | ||
| 020 | _a226346846 | ||
| 082 | _a909.097671 HOD | ||
| 100 | _aHodgson ,Marshall G.S. | ||
| 245 | 4 | _aThe Venture of Islam: conscience and history in a world civilization | |
| 250 | _aNA | ||
| 260 |
_aChicherter: _bJohn Weley +sons _c,1974. |
||
| 300 |
_axvii,802p. _b3 _fPhotocopy |
||
| 500 | _aIncludes Index | ||
| 600 | _aHumanities & Natural Science | ||
| 650 | _aHistory and Geography | ||
| 942 | _cBK | ||
| 999 |
_c10393 _d10393 |
||